Teoría y problemas de microeconomía / (Registro nro. 5499)

Detalles MARC
000 -LEADER
fixed length control field 01197nam a2200289Ia 4500
003 - CONTROL NUMBER IDENTIFIER
control field OSt
005 - DATE AND TIME OF LATEST TRANSACTION
control field 20200605163422.0
008 - FIXED-LENGTH DATA ELEMENTS--GENERAL INFORMATION
fixed length control field 191128s1976 mx ad gr 000 0 spa d
020 ## - INTERNATIONAL STANDARD BOOK NUMBER
International Standard Book Number 70909202
040 ## - CATALOGING SOURCE
Original cataloging agency CO-JMCR
Transcribing agency CO-JMCR
041 1# - LANGUAGE CODE
Language code of text/sound track or separate title spa
Language code of original eng
082 04 - DEWEY DECIMAL CLASSIFICATION NUMBER
Classification number 330.1 /
Item number S182m
Edition number 23
100 1# - MAIN ENTRY--PERSONAL NAME
Personal name Salvatore, Dominick,
Relator term autor
9 (RLIN) 5077
245 10 - TITLE STATEMENT
Title Teoría y problemas de microeconomía /
Statement of responsibility, etc. por Dominick Salvatore ; traducido por Jorge Cardenas Nannetti
260 ## - PUBLICATION, DISTRIBUTION, ETC.
Place of publication, distribution, etc. México ; Bogotá :
Name of publisher, distributor, etc. McGraw-Hill,
Date of publication, distribution, etc. 1976
300 ## - PHYSICAL DESCRIPTION
Extent 279 páginas
Other physical details gráficos a blanco y negro
Dimensions 26 cm.
490 0# - SERIES STATEMENT
Series statement Serie de compendios Schaum
500 ## - GENERAL NOTE
General note Incluye índice páginas 275-279.
505 ## - FORMATTED CONTENTS NOTE
Formatted contents note Demanda, oferta y equilibrio: consideraciones generales -- Medida de las elasticidades -- Demanda del consumidor: teorís de la utilidad -- Demanda del consumidor: teoría de las curvas de indiferencia -- Teoría de la producción
534 ## - ORIGINAL VERSION NOTE
Introductory phrase Microeconomic theory and problems
546 ## - LANGUAGE NOTE
Language note Traducido del inglés
650 14 - SUBJECT ADDED ENTRY--TOPICAL TERM
Topical term or geographic name entry element Microeconomía
9 (RLIN) 5082
650 24 - SUBJECT ADDED ENTRY--TOPICAL TERM
Topical term or geographic name entry element Teoría económica
9 (RLIN) 5083
650 24 - SUBJECT ADDED ENTRY--TOPICAL TERM
Topical term or geographic name entry element Economía demanda
9 (RLIN) 5018
700 1# - ADDED ENTRY--PERSONAL NAME
Personal name Cardenas Nannetti, Jorge,
Relator term traductor
9 (RLIN) 2223
942 ## - ADDED ENTRY ELEMENTS (KOHA)
Source of classification or shelving scheme Dewey Decimal Classification
Koha item type Books
Existencias
Withdrawn status Lost status Source of classification or shelving scheme Materials specified (bound volume or other part) Damaged status Not for loan Home library Current library Shelving location Date acquired Source of acquisition Cost, normal purchase price Total Checkouts Full call number Barcode Date last seen Copy number Price effective from Koha item type Public note
    Dewey Decimal Classification Donación--15/04/2018--     Biblioteca Pública José María del Castillo y Rada Biblioteca Pública José María del Castillo y Rada General Stacks 11/28/2019 Donación 0.00   330.1 / S182m 430001995 05/16/2024 Ej.2 11/28/2019 Books Algunas páginas deterioradas en el borde frontal Manchas de acidez. Rúbricas en la portada